Countries by Emojis #2 - Statistics

General Stats
  • This quiz has been taken 36 times
  • The average score is 6 of 15
Answer Stats
Hint Answer % Correct
πŸπŸ˜πŸ„ India
91%
πŸ•°πŸ‘ΈπŸΌβš½οΈ United Kingdom
75%
πŸ«πŸŒ·πŸ§€ Netherlands
72%
β„οΈπŸŒ‹πŸ Iceland
53%
πŸ•ŒπŸ¦ƒπŸ₯™ Turkey
47%
πŸ¦™πŸ”πŸŒˆ Peru
41%
πŸ˜πŸ’ŽπŸœ Botswana
31%
πŸ–πŸ·βš½οΈ Portugal
31%
πŸœπŸ•ŒπŸŒ΄ Saudi Arabia
31%
πŸ•πŸ•ŒπŸ§‚ Israel
28%
πŸπŸƒπŸΎπŸŽΆ Jamaica
25%
πŸ§πŸŒ΄πŸ’ Madagascar
25%
β„οΈπŸ‘πŸœ Mongolia
25%
πŸ°πŸŒ­πŸ” Austria
19%
🏝🌊⚾️ Dominican Republic
16%
No matching quizzes found
Score Distribution
Percent of People with Each Score
Percentile by Number Answered
Your Score History
You have not taken this quiz